000 00462nab a2200145Ia 4500
003 ES-SlBCS
005 20210601135227.0
008 140529s2007 xxu||||| |||| 00| 0 spa d
041 _aspa
100 1 _aTejedor, Francisco Javier
_977506
245 0 0 _aInnovación Educativa Basada en la Evidencia (IEBE)
_c Francisco Javier Tejedor
650 0 4 _aInnovación Educativa
_9123931
773 0 _tBordon
_gvol. 59, nº. 2-3, 2007, págs. 475-488
_wRev1090
942 _cAR
999 _c624853
_d624853